Представление документа в формате MARC21

Поле Инд. ПП Название Значение
Тип записи a
Библиографический уровень b
001 Контрольный номер 7a177dace83b4c4b9e5e65119b209086
005 Дата корректировки 20220426161911.5
024 80 a Стандартный номер 10.31857/S0132347421020023
040 a Служба первич. каталог. РИНЦ
041 0_ a Код языка текста rus
097 a Костяева О.Г.
100 1_ a Автор Абрамов С. А.
100 1_ q Полное имя Боголюбская Алла Анатольевна
g Прочие сведения РИНЦ AuthorID: 276716 (http://elibrary.ru/author_items.asp?authorid=276716); Scopus Author ID: 12800140600 (https://www.scopus.com/authid/detail.uri?authorId=12800140600)
a Автор Боголюбская А. А.
u Дополнение Боголюбская А. А.
c Титул (звания) кандидат физико-математических наук; доцент (должность)
i 000089047
k Кафедра системного анализа и управления; Институт системного анализа и управления
245 10 a Заглавие Семинар по компьютерной алгебре в 2019–2020 гг
773 18 t Название источника Программирование
c Москва
d Место и дата издания 2021
m Специф. данные входит в ядро РИНЦ;журнал из перечня ВАК; входит в базу данных RSCI; ненулевой импакт-фактор;
x ISSN 0132-3474
g Прочая информация № 2. - С. 3 - 4
w Контрольный № источника f954ef33242b4a1ebf00b256c4bd98b9
b Сведения об издании Наука
856 40 u URL https://www.elibrary.ru/item.asp?id=44652413
901 t Тип документа b
952 c Вид литературы статья в журнале